<?xml version="1.0" encoding="UTF-8"?><?xml-stylesheet type="text/xsl" href="static/style.xsl"?><OAI-PMH xmlns="http://www.openarchives.org/OAI/2.0/" xmlns:xsi="http://www.w3.org/2001/XMLSchema-instance" xsi:schemaLocation="http://www.openarchives.org/OAI/2.0/ http://www.openarchives.org/OAI/2.0/OAI-PMH.xsd"><responseDate>2026-04-29T04:08:46Z</responseDate><request verb="GetRecord" identifier="oai:repisalud.isciii.es:20.500.12105/10524" metadataPrefix="marc">https://repisalud.isciii.es/rest/oai/request</request><GetRecord><record><header><identifier>oai:repisalud.isciii.es:20.500.12105/10524</identifier><datestamp>2024-05-21T11:02:19Z</datestamp><setSpec>com_20.500.12105_2203</setSpec><setSpec>com_20.500.12105_2202</setSpec><setSpec>col_20.500.12105_19505</setSpec><setSpec>col_20.500.12105_19585</setSpec></header><metadata><record xmlns="http://www.loc.gov/MARC21/slim" xmlns:dcterms="http://purl.org/dc/terms/" xmlns:doc="http://www.lyncode.com/xoai" xmlns:xsi="http://www.w3.org/2001/XMLSchema-instance" xsi:schemaLocation="http://www.loc.gov/MARC21/slim http://www.loc.gov/standards/marcxml/schema/MARC21slim.xsd">
   <leader>00925njm 22002777a 4500</leader>
   <datafield ind2=" " ind1=" " tag="042">
      <subfield code="a">dc</subfield>
   </datafield>
   <datafield ind2=" " ind1=" " tag="720">
      <subfield code="a">Instituto de Salud Carlos III. Centro Nacional de Epidemiología</subfield>
      <subfield code="e">author</subfield>
   </datafield>
   <datafield ind2=" " ind1=" " tag="260">
      <subfield code="c">2012-12-02</subfield>
   </datafield>
   <datafield ind2=" " ind1=" " tag="520">
      <subfield code="a">En la semana 48/2012, la tasa global de incidencia de gripe es de 17,04 casos por 100.000 habitantes, con una evolución estable respecto a la semana previa.
Cuatro de las 61 (6,6%) muestras enviadas para confirmación virológica han sido positivas para virus
de la gripe tipo B.
La circulación de VRS aumenta ligeramente respecto a la semana previa (de 31% a 33% de muestras
positivas).
En la semana 48/2012 no se ha notificado ningún caso grave hospitalizado confirmado de gripe.
En muchos países de la región templada del hemisferio norte hay un aumento de las detecciones de
virus gripales, pero con valores todavía por debajo de su umbral estacional.</subfield>
   </datafield>
   <datafield ind1="8" ind2=" " tag="024">
      <subfield code="a">http://hdl.handle.net/20.500.12105/10524</subfield>
   </datafield>
   <datafield tag="653" ind2=" " ind1=" ">
      <subfield code="a">Gripe</subfield>
   </datafield>
   <datafield tag="653" ind2=" " ind1=" ">
      <subfield code="a">Vigilancia Epidemiológica</subfield>
   </datafield>
   <datafield ind2="0" ind1="0" tag="245">
      <subfield code="a">Informe semanal de Vigilancia de la Gripe en España Semana 48/2012 (26 de noviembre - 2 de diciembre 2012) Nº 328. 6 de diciembre de 2012</subfield>
   </datafield>
</record></metadata></record></GetRecord></OAI-PMH>